| 000 | 00853nam a2200289Ia 4500 | ||
|---|---|---|---|
| 005 | 20260324120241.0 | ||
| 008 | 008 260324s9999 xx 000 0 eng d | ||
| 020 | _a9780429226472 | ||
| 037 | _aEBOOK | ||
| 040 | _aCRL | ||
| 040 | _beng | ||
| 040 | _cCRL | ||
| 041 | _2eng | ||
| 041 | _aeng | ||
| 084 | _qCRL | ||
| 100 |
_aZhishen Wu; Shenfang Yuan; Keqin Ding _91157823 |
||
| 245 | 0 | _aStructural Health Monitoring and Integrity Management | |
| 245 | 0 | _bProceedings of the 2nd International Conference of Structural Health Monitoring and Integrity Management (ICSHMIM 2014), Nanjing, China, 24-26 September 2014 | |
| 260 | _bTaylor and Francis | ||
| 260 | _c2015 | ||
| 365 | _a | ||
| 365 | _b400 | ||
| 856 | _uhttp://www.taylorfrancis.com/books/9780429226472 | ||
| 942 | _cEBOOK | ||
| 999 |
_c1749263 _d1749263 |
||